000 00880cam a22002891a 4500
001 6073577
003 OSt
005 20250130160858.0
008 810922s1958 enka 000 0 eng
010 _a 58035888
015 _aGB58-7390
035 _a(OCoLC)7782886
040 _aDLC
_cCLamB
_dCLamB
_dUk
_dDLC
042 _apremarc
050 0 0 _aHQ10
_b.W3
082 _a259.1
_bWRI
100 _aWright Norman H.
_94
245 1 0 _aMarriage counselling :
_cby J.H. Wallis and H.S. Booker.
260 _aLondon :
_bRoutledge & K. Paul,
_c1958.
300 _a313 p. :
_bill. ;
_c23 cm.
610 2 0 _aNational Marriage Guidance Council (Great Britain)
650 0 _aMarriage counseling
_zGreat Britain.
700 1 _aBooker, H. S.
740 0 _aMarriage counselling : a description and analysis ...
906 _a7
_bcbc
_coclcrpl
_du
_encip
_f19
_gy-gencatlg
942 _2ddc
_cBK
999 _c4069
_d4069